Blackpool's chapel of thanks faces battle for future (Record no. 77385)
[ view plain ]
| 000 -LEADER | |
|---|---|
| fixed length control field | 01210cab a2200217 4500 |
| 001 - CONTROL NUMBER | |
| control field | ##L134138 |
| 008 - FIXED-LENGTH DATA ELEMENTS--GENERAL INFORMATION | |
| fixed length control field | 060713n2006 000 0 eng u |
| 035 ## - SYSTEM CONTROL NUMBER | |
| System control number | (Sirsi) u134138 |
| 041 0# - LANGUAGE CODE | |
| Language code of text/sound track or separate title | eng |
| 110 2# - MAIN ENTRY--CORPORATE NAME | |
| Corporate name or jurisdiction name as entry element | English Heritage |
| 9 (RLIN) | 2714 |
| 245 00 - TITLE STATEMENT | |
| Title | Blackpool's chapel of thanks faces battle for future |
| Medium | [electronic resource] |
| 260 ## - PUBLICATION, DISTRIBUTION, ETC. | |
| Date of publication, distribution, etc. | 2006 |
| 490 #0 - SERIES STATEMENT | |
| Series statement | GNN Press Release |
| Volume/sequential designation | (GNN135374P) 10 July 2006 |
| 520 ## - SUMMARY, ETC. | |
| Summary, etc. | An historic chapel in Blackpool is one of four buildings in northwest England which have been added to the Buildings at Risk register for 2006. The register, which lists the most vulnerable Grade I and Grade II* buildings and Scheduled Ancient Monuments in the country, now consists of 1 273 entries comprising 1 411 items, compared to 1 428 entries and 1 615 items on the initial 1999 register. |
| 590 ## - LOCAL NOTE (RLIN) | |
| Local note | IKA180706 |
| 650 24 - SUBJECT ADDED ENTRY--TOPICAL TERM | |
| Topical term or geographic name entry element | ENGLISH HERITAGE BUILDINGS AT RISK REGISTER 2006 |
| 651 #4 - SUBJECT ADDED ENTRY--GEOGRAPHIC NAME | |
| Geographic name | England |
| Chronological subdivision | 886- |
| 690 ## - LOCAL SUBJECT ADDED ENTRY--TOPICAL TERM (OCLC, RLIN) | |
| Topical term or geographic name as entry element | BUILT ENVIRONMENT-BUILDING TYPES-HISTORIC BUILDINGS AND ANCIENT MONUMENTS-LISTED BUILDINGS |
| 856 41 - ELECTRONIC LOCATION AND ACCESS | |
| Uniform Resource Identifier | <a href="https://www.gov-news.org/gov/uk/news/blackpool39s_chapel_of_thanks_faces_battle/66206.html">https://www.gov-news.org/gov/uk/news/blackpool39s_chapel_of_thanks_faces_battle/66206.html</a> |
| Public note | View the item free of charge at www.gov-news.org |
| 942 ## - ADDED ENTRY ELEMENTS (KOHA) | |
| Suppress in OPAC | 0 |
| Withdrawn status | Lost status | Source of classification or shelving scheme | Damaged status | Not for loan | Home library | Current library | Shelving location | Date acquired | Total Checkouts | Full call number | Barcode | Date last seen | Copy number | Price effective from | Koha item type |
|---|---|---|---|---|---|---|---|---|---|---|---|---|---|---|---|
| Dewey Decimal Classification | Virtual | Virtual | Online | 13/07/2006 | ONLINE PUBLICATION | 134138-1001 | 06/08/2019 | 1 | 06/08/2019 | Journal article |